00892nam a2200253 a 450000100060000000300080000600500170001400800410003103500190007204000270009104100080011808200180012610000320014424500630017626000570023930000410029649000410033750400460037850400200042465100300044494200120047499900170048695201350050326975BD-RjUL20211209051108.0140324s19671965enkab 001 0 eng d a(BD-RjUL)27046 aCUYcCUYdBD-RjULbeng aeng00a963bGRE 19671 aGreenfield, Richard.98289210aEthiopia :ba new political history /cRichard Greenfield. aLondon :bPall Mall Press,cc1965 [Impression 1967]. aviii, 515 p. :bill., maps ;c22 cm.0 aPall Mall library of African affairs aBibliographical references: p. [475]-492. aIncludes index. 0aEthiopiaxHistory.982893 2ddccBK c26975d26975 00102ddc40708NFICaRUCLbRUCLcStackd1968-11-30eZeitlingerg55.00l0o963 GRE 1967r2014-03-24 00:00:00tC-2w2014-03-24yBK